|
|
|
|
| LEADER |
00000nam0a2200000 4500 |
| 001 |
48463 |
| 005 |
20231031031732.0 |
| 035 |
|
|
|a (RuTPU)RU\TPU\book\50761
|
| 090 |
|
|
|a 48463
|
| 100 |
|
|
|a 20030318d1985 m y0rusy50 ca
|
| 101 |
0 |
|
|a rus
|
| 102 |
|
|
|a RU
|
| 105 |
|
|
|a a z 001zy
|
| 200 |
1 |
|
|a Контроль качества и испытание оптических приборов
|f В. П. Петров
|
| 210 |
|
|
|a Ленинград
|c Машиностроение
|d 1985
|
| 215 |
|
|
|a 222 с.
|c ил.
|
| 320 |
|
|
|a Библиогр.: с. 217-220.
|
| 610 |
1 |
|
|a оптические приборы
|
| 610 |
1 |
|
|a технический контроль
|
| 610 |
1 |
|
|a сборка
|
| 610 |
1 |
|
|a испытания
|
| 610 |
1 |
|
|a контрольно-измерительные приборы
|
| 675 |
|
|
|a 681.7.028:658
|v 3
|
| 700 |
|
1 |
|a Петров
|b В. П.
|g Валентин Павлович
|
| 801 |
|
1 |
|a RU
|b 63413507
|c 20030318
|g PSBO
|
| 801 |
|
2 |
|a RU
|b 63413507
|c 20181122
|g PSBO
|
| 900 |
|
|
|a Прикладная оптика
|
| 942 |
|
|
|c BK
|